000 00631nam a2200193Ia 4500
005 20260114185606.0
008 008 260114s9999 xx 000 0 eng d
020 _a9781350048416
037 _aEBOOK
040 _aCRL
_beng
_cCRL
041 _aeng
_2eng
084 _qCRL
100 _aStefan Esders, Yitzhak Hen, Pia Lucas and Tamar Rotman
_9871959
245 4 _aThe Merovingian Kingdoms and the Mediterranean World Revisiting the Sources
260 _bBloomsbury
_c2019
856 _uhttps://doi.org/10.5040/9781350048416?locatt=label:secondary_bloomsburyCollections
942 _cEBOOK
999 _c1470907
_d1470907